LEADER 00881nam0-2200313---450- 001 990010066530403321 005 20160427130130.0 010 $a978-88-6895-184-9 035 $a001006653 035 $aFED01001006653 035 $a(Aleph)001006653FED01 035 $a001006653 100 $a20160427d2015----km-y0itay50------ba 101 0 $aita 102 $aIT 105 $a--------001yy 200 1 $aDallo spot al post$ela pubblicità dopo i social media$fscritto da Giuseppe Mayer 210 $aMilano$cLSWR$d2015 215 $a176 p.$cill.$d24 cm 225 1 $aModelli di business 610 0 $aPubblicità$aUso dei mezzi di comunicazione digitali 676 $a659.144$v22$zita 700 1$aMayer,$bGiuseppe 801 0$aIT$bUNINA$gRICA$2UNIMARC 901 $aBK 912 $a990010066530403321 952 $a659.144 MAY 1$b2290$fBFS 959 $aBFS 997 $aUNINA LEADER 01983nam0 22003371i 450 001 SUN0063698 005 20080407120000.0 010 $a88-7075-472-3 100 $a20080407d1997 |0itac50 ba 101 $aita 102 $aIT 105 $a|||| ||||| 200 1 $aˆLe ‰arti documentate$ecatalogo delle pubblicazioni 1990-1996$fMinistero per i beni culturali e ambientali, Ufficio centrale per i beni archeologici, architettonici, artistici e storici$ga cura di Stefania Segarelli 210 $aMilano$cBibliografica$d[1997] 215 $aXII, 495 p.$d21 cm. 606 $aMinistero per i beni culturali e ambientali$xPubblicazioni$xCataloghi$2FI$3SUNC024755 606 $aArte$xItalia$xBibliografia$2FI$3SUNC024756 606 $aArcheologia$xItalia$xBibliografia$2FI$3SUNC024757 620 $dMilano$3SUNL000284 676 $a016.70945$v21 702 1$aSegarelli$b, Stefania$3SUNV050677 710 02$aItalia : Ufficio centrale per i beni archeologici, architettonici, artistici e storici$3SUNV050674$0292004 712 $aBibliografica$3SUNV000881$4650 791 02$aItalia : Ministero per i beni culturali e ambientali : Ufficio centrale per i beni archeologici, architettonici, artistici e storici$zItalia : Ufficio centrale per i beni archeologici, architettonici, artistici e storici$3SUNV050675 791 02$aMinistero per i beni culturali e ambientali : Ufficio centrale per i beni archeologici, architettonici, artistici e storici$zItalia : Ufficio centrale per i beni archeologici, architettonici, artistici e storici$3SUNV050676 801 $aIT$bSOL$c20181109$gRICA 912 $aSUN0063698 950 $aUFFICIO DI BIBLIOTECA DEL DIPARTIMENTO DI LETTERE E BENI CULTURALI$d07 CONS T 2028 $e07 5747 995 $aUFFICIO DI BIBLIOTECA DEL DIPARTIMENTO DI LETTERE E BENI CULTURALI$bIT-CE0103$h5747$kCONS T 2028$oc$qa 996 $aArti documentate$91416071 997 $aUNICAMPANIA